The fifth schedule of the Indian constitution (Record no. 101015)

000 -LEADER
fixed length control field 01661pab a2200181 454500
008 - FIXED-LENGTH DATA ELEMENTS--GENERAL INFORMATION
fixed length control field 180718b2013 xxu||||| |||| 00| 0 eng d
100 ## - MAIN ENTRY--PERSONAL NAME
Personal name Singh, Bhupinder
245 ## - TITLE STATEMENT
Title The fifth schedule of the Indian constitution
260 ## - PUBLICATION, DISTRIBUTION, ETC.
Date of publication, distribution, etc. 2013
300 ## - PHYSICAL DESCRIPTION
Extent p.211-227.
362 ## - DATES OF PUBLICATION AND/OR SEQUENTIAL DESIGNATION
Dates of publication and/or sequential designation Apr-Jun
520 ## - SUMMARY, ETC.
Summary, etc. For generations the tribal communities have been the custodians of the country's over-ground and under-ground wealth in the form of minerals, ores, forests, water and such other natural resources. Yet they have been and are being driven out of their ancestral homes and hearths for the sake of felling forests and mining minerals and ores. Their forced displacement has cut deep gashes in the tribal psyche. The recent years have seen a big spurt in mining-industrial activity in the country which is required, for economic development. But in the process tribals' rights are violated with impunity by authorities that put the interests of the corporate sector above their survival. In spite of a number of constitutional provisions, protective laws, and existence of constitutional and statutory institutions the tribal are faced with soul-searing atrocities, deprivations and displancement. There have even been overt and covert attempts to subvert the afore-said instruments, enactments and institutions hurting the tribal communities. As a way out it is desirable not to upset the applecart too hard, but to discover solutions within the subsisting structures to surmount the challenge. - Reproduced.
650 ## - SUBJECT ADDED ENTRY--TOPICAL TERM
Topical term or geographic name entry element India - Constitution
650 ## - SUBJECT ADDED ENTRY--TOPICAL TERM
Topical term or geographic name entry element Constitutions
773 ## - HOST ITEM ENTRY
Main entry heading Indian Journal of Public Administration
908 ## - PUT COMMAND PARAMETER (RLIN)
Put command parameter N
909 ## -
-- 101016
Holdings
Withdrawn status Lost status Damaged status Not for loan Permanent Location Current Location Date acquired Serial Enumeration / chronology Barcode Date last seen Price effective from Koha item type
        Indian Institute of Public Administration Indian Institute of Public Administration 2018-07-19 Volume no: 59, Issue no: 2 AR101476 2018-07-19 2018-07-19 Articles

Powered by Koha